000 00816nam a2200301Ia 4500
001 35201
003 IT-RoPAU
008 130308s9999 xx 000 0 und d
040 _aIT-RoPAU
040 _cIT-RoPAU
041 _aFRANCESE
100 _aBenveniste Emile
100 _gCodice Aut. SPICS: 9326
245 _aStructure en linguistique
245 _bSens et Usages Du Terme structure Dans Les Sciences Humaines et Sociales
250 _a2a ed.
260 _aTHE HAGUE
260 _bMouton
260 _c1972 [1° Ed.:1962 - Ed.Ling.Originale:1962]
300 _a"9 p. (prefazione: no ; testo: 9 [pagine: 31-39])"
500 _aStruttura in Linguistica
650 _aEPISTEMOLOGIA
650 _eCodice materia Spics: 3051
942 _cBK
957 _71
999 _c38857
_d38857
999 _bSI
999 _g1